000 00679cam a22002051 4500
001 sa 64008221
003 DLC
005 20260227112053.0
008 890913s1962 io 000 0 ind
010 _asa 64008221
035 _a(OCoLC)23536579
040 _aDLC
_cMiU
_dDLC
042 _apremarc
050 0 0 _aDS644.2 1962
_b.S954
100 0 _aSoekarno,
_d1901-1970.
245 1 0 _aRegeneration dan rejuvenation dalam Islam;
_camanat pada mu'tamar Muhammadijah di Istana Olahraga "Bung Karno" Senajan, Djakarta, pada tanggal 25 Nopember 1962.
260 _a[Djakarta]
_bDepartemen Penerangan
_c[cover 1962]
300 _a11 p.
_c21 cm.
500 _a"Penerbitan chusus, 242."
999 _c60757
_d60757